[Event "II Festival Vittorio Alfieri"]
[Site "Torino ITA"]
[Date "2010.04.24"]
[Round "5"]
[White "Pitrola, Carlo"]
[Black "Cavezzana, Davide"]
[Result "1-0"]
[WhiteElo "1799"]
[BlackElo "1768"]
[PlyCount "55"]
[EventDate "2010.04.21"]

1. d4 d5 2. c4 c6 3. Nf3 Nf6 4. Nc3 e6 5. cxd5 cxd5 6. Bf4 Bd6 7. Bxd6 Qxd6 8.
e3 Qb4 9. Qd2 Bd7 10. Bd3 Nc6 11. a3 Qe7 12. b4 Rc8 13. O-O O-O 14. Ra2 Ne8 15.
Rc2 Nd6 16. Rfc1 a6 17. e4 dxe4 18. Nxe4 Nxe4 19. Bxe4 f5 20. Bd3 b5 21. Re1
Qd6 22. Qe3 Ne7 23. Rc5 Nd5 24. Qe5 Qxe5 25. Nxe5 Nb6 26. Rec1 Rxc5 27. dxc5
Rc8 28. Rc2 1-0

[Event "II Festival Vittorio Alfieri"]
[Site "Torino ITA"]
[Date "2010.04.24"]
[Round "5"]
[White "Topczewski, Damian"]
[Black "Dragojlovic, Andjelko"]
[Result "1/2-1/2"]
[WhiteElo "2159"]
[BlackElo "2422"]
[PlyCount "23"]
[EventDate "2010.04.21"]

1. e4 c5 2. Nf3 g6 3. d4 cxd4 4. Nxd4 Bg7 5. Nc3 Nc6 6. Be3 Nf6 7. Nxc6 bxc6 8.
e5 Ng8 9. Bd4 Qa5 10. e6 Nf6 11. exd7+ Bxd7 12. Qd2 1/2-1/2

[Event "II Festival Vittorio Alfieri"]
[Site "Torino ITA"]
[Date "2010.04.24"]
[Round "5"]
[White "Vozza, Augusto"]
[Black "Giacchino, Claudio"]
[Result "1/2-1/2"]
[WhiteElo "1540"]
[BlackElo "1631"]
[PlyCount "113"]
[EventDate "2010.04.21"]

1. e4 c5 2. Nf3 g6 3. d3 Bg7 4. Nbd2 d6 5. c3 Nc6 6. g3 Nf6 7. Bg2 O-O 8. O-O
Bd7 9. Re1 e5 10. Nc4 Qc7 11. Ne3 Rad8 12. Nd5 Qc8 13. Bg5 Nxd5 14. Bxd8 Nxc3
15. bxc3 Nxd8 16. Nd2 Bc6 17. c4 Ne6 18. Nb3 b6 19. Bh3 f5 20. Rb1 Qa8 21. f3
Ng5 22. Bg2 h5 23. h4 Ne6 24. Bh3 Qe8 25. Qd2 Kh7 26. a3 Bh6 27. Qd1 Qe7 28.
Qe2 Ng7 29. Rf1 f4 30. g4 Qxh4 31. Qg2 Bd7 32. Rf2 Ne8 33. gxh5 gxh5 34. Bxd7
Rg8 35. Qxg8+ Kxg8 36. Bxe8 Kf8 37. Bd7 Qg3+ 38. Kf1 h4 39. Nd2 h3 40. Bxh3
Qxh3+ 41. Ke2 Bg5 42. Rg1 Bh4 43. Rfg2 Bg3 44. Nf1 Qd7 45. Nxg3 fxg3 46. Rxg3
Qa4 47. Rg8+ Kf7 48. R8g7+ Kf8 49. Rb7 Qc2+ 50. Kf1 Qxd3+ 51. Kg2 Qxc4 52. Rh1
Kg8 53. Rhh7 Qc2+ 54. Kg3 Qd2 55. Rhg7+ Kh8 56. Rh7+ Kg8 57. Rhg7+ 1/2-1/2

[Event "I Open Muovi il Cavallo"]
[Site "Trieste ITA"]
[Date "2010.05.??"]
[Round "1"]
[White "Del Cont Bernard, Emanuela"]
[Black "Roiatti, Noris"]
[Result "0-1"]
[WhiteElo "1302"]
[BlackElo "1581"]
[PlyCount "66"]
[EventDate "2010.05.10"]

1. d4 d5 2. c4 c6 3. Nc3 Nf6 4. Nf3 e6 5. e3 Nbd7 6. Bd3 dxc4 7. Bxc4 b5 8. Bd3
Bd6 9. e4 Bc7 10. O-O h6 11. Re1 O-O 12. Qc2 Nb6 13. b3 Bb7 14. Bb2 Rc8 15.
Rad1 Qe7 16. Qb1 a6 17. Rc1 Nh7 18. e5 Ng5 19. Nd2 Nh3+ 20. Kf1 Nf4 21. Ne2
Nbd5 22. Be4 f6 23. Bxd5 Nxd5 24. Nc3 Nf4 25. Ne2 fxe5 26. dxe5 Nxg2 27. Kxg2
Qg5+ 28. Ng3 Qxd2 29. Qc2 Rxf2+ 30. Kg1 Rg2+ 31. Kh1 Rxh2+ 32. Kg1 Bb6+ 33. Kf1
Rf8+ 0-1

[Event "I Open Muovi il Cavallo"]
[Site "Trieste ITA"]
[Date "2010.05.??"]
[Round "1"]
[White "Pecchiari, Alberto"]
[Black "Roitero, Daniele"]
[Result "1-0"]
[WhiteElo "1607"]
[BlackElo "1437"]
[PlyCount "62"]
[EventDate "2010.05.10"]

1. e4 e5 2. Nf3 Nf6 3. Nc3 Nc6 4. Bb5 Be7 5. Bxc6 bxc6 6. Nxe5 O-O 7. d3 Re8 8.
O-O Bb4 9. Nf3 d6 10. h3 h6 11. Ne2 d5 12. e5 Nh7 13. c3 Be7 14. Bf4 Bd7 15.
Qd2 Bg5 16. b4 Re6 17. Ned4 Rg6 18. Kh1 Nf8 19. Bxg5 Rxg5 20. Nxg5 Qxg5 21.
Qxg5 hxg5 22. g4 Ne6 23. Ne2 a5 24. a3 Kf8 25. f4 Ke7 26. f5 Nf8 27. f6+ gxf6
28. exf6+ Kd6 29. c4 Re8 30. c5+ Ke5 31. Rae1 Ne6 1-0

[Event "I Open Muovi il Cavallo"]
[Site "Trieste ITA"]
[Date "2010.05.??"]
[Round "1"]
[White "Urbisaglia, Elvio"]
[Black "Varini, Massimo"]
[Result "0-1"]
[WhiteElo "1463"]
[BlackElo "2073"]
[PlyCount "66"]
[EventDate "2010.05.10"]

1. e4 e5 2. Nf3 Nc6 3. d4 exd4 4. Nxd4 Qh4 5. Qd3 Nf6 6. Nc3 Bb4 7. Be3 Qxe4 8.
Nxc6 Qxc6 9. Qc4 Qxc4 10. Bxc4 d5 11. Be2 Ne4 12. Bd4 c5 13. Bb5+ Kf8 14. a3
cxd4 15. axb4 dxc3 16. bxc3 Nxc3 17. Bd3 Be6 18. O-O Ke7 19. Rfe1 Rhe8 20. Ra3
d4 21. Ra5 Kf8 22. Rea1 a6 23. b5 Bd5 24. bxa6 bxa6 25. h3 Bb7 26. Rf5 g6 27.
Rf4 Rad8 28. Rh4 Kg7 29. Rf4 Ne2+ 30. Bxe2 Rxe2 31. Rd1 Rxc2 32. Rfxd4 Rxd4 33.
Rxd4 Bc6 0-1

[Event "I Open Muovi il Cavallo"]
[Site "Trieste ITA"]
[Date "2010.05.??"]
[Round "2"]
[White "Masella, Vincenzo"]
[Black "Urbisaglia, Elvio"]
[Result "1-0"]
[WhiteElo "1826"]
[BlackElo "1463"]
[PlyCount "101"]
[EventDate "2010.05.10"]

1. c4 e5 2. Nc3 Nf6 3. d3 Bb4 4. Qc2 Nc6 5. e3 d6 6. Nge2 Bg4 7. Bd2 O-O 8. f3
Bh5 9. g4 Bg6 10. e4 Nd7 11. h4 h6 12. a3 Bc5 13. Bg2 Nd4 14. Nxd4 Bxd4 15. Ne2
Nc5 16. Nxd4 exd4 17. f4 Re8 18. O-O-O a6 19. f5 Bh7 20. g5 h5 21. Rde1 b5 22.
Rhf1 Qb8 23. Re2 a5 24. Rff2 Na4 25. b3 Nc3 26. Bxc3 dxc3 27. Qxc3 bxc4 28.
Qxc4 Kf8 29. g6 Bg8 30. Kb2 Qb6 31. Rc2 Rac8 32. Bf3 Re5 33. d4 Rb5 34. Be2 Rb8
35. Rc3 f6 36. Qxb5 Qa7 37. Qa4 Re8 38. d5 Qb6 39. Bb5 Re5 40. Qc4 Re7 41. a4
Qa7 42. Bc6 Re5 43. Bd7 Qa8 44. Rc1 c5 45. Be6 Bxe6 46. fxe6 Qe8 47. Rg1 Qd8
48. Rf3 Ke7 49. Rf5 Qb8 50. Rxe5 fxe5 51. Rf1 1-0

[Event "I Open Muovi il Cavallo"]
[Site "Trieste ITA"]
[Date "2010.05.??"]
[Round "2"]
[White "Poli, Diego"]
[Black "Rozmann, Glauco"]
[Result "1-0"]
[WhiteElo "1724"]
[BlackElo "1772"]
[PlyCount "115"]
[EventDate "2010.05.10"]

1. Nf3 d6 2. d4 Nc6 3. e4 Bg4 4. Bb5 a6 5. Bxc6+ bxc6 6. c4 Nf6 7. Nc3 h6 8.
O-O d5 9. cxd5 cxd5 10. e5 Ne4 11. h3 Bh5 12. Qa4+ Qd7 13. Qxd7+ Kxd7 14. Nxd5
e6 15. Nc3 Bxf3 16. gxf3 Ng5 17. Kg2 f5 18. h4 Nf7 19. f4 Be7 20. h5 Rhg8 21.
Be3 g6 22. hxg6 Rxg6+ 23. Kh2 Rag8 24. Rg1 h5 25. Rxg6 Rxg6 26. f3 Rg8 27. d5
Rb8 28. b3 c5 29. d6 Nxd6 30. exd6 Bxd6 31. Na4 Kc6 32. Rc1 Rb5 33. Kh3 Be7 34.
Rc4 Ra5 35. Nc3 Kb7 36. a4 Ka7 37. Ne2 Kb7 38. Bd2 Kb6 39. Bxa5+ Kxa5 40. Nc1
Kb6 41. Nd3 Kc6 42. Ne5+ Kd5 43. Rc2 Kd6 44. Rd2+ Kc7 45. Rd7+ Kb6 46. Rxe7 Ka5
47. Nc6+ Kb6 48. Rxe6 c4 49. bxc4 Kc5 50. Ne5 a5 51. Rc6+ Kb4 52. Rb6+ Kxa4 53.
c5 Ka3 54. c6 a4 55. c7 Ka2 56. c8=Q a3 57. Qc2+ Ka1 58. Rb1# 1-0

[Event "I Open Muovi il Cavallo"]
[Site "Trieste ITA"]
[Date "2010.05.13"]
[Round "2"]
[White "Roiatti, Noris"]
[Black "Bortolin, Bruno"]
[Result "0-1"]
[WhiteElo "1581"]
[BlackElo "1915"]
[PlyCount "58"]
[EventDate "2010.05.10"]

1. e4 Nf6 2. d3 e5 3. Nf3 Nc6 4. Be2 d5 5. exd5 Nxd5 6. Bd2 Bc5 7. Nc3 O-O 8.
Ng5 Be7 9. Nxd5 Qxd5 10. Bf3 Qd6 11. Ne4 Qg6 12. Bc3 f5 13. Ng3 Bc5 14. Bd5+
Kh8 15. Qh5 Qd6 16. Bxc6 Qxc6 17. Qe2 Bd4 18. Bxd4 exd4 19. O-O Re8 20. Qd2 Bd7
21. Ne2 Qd6 22. Qf4 Rxe2 23. Qxd6 cxd6 24. Rfc1 Rae8 25. Kf1 Bc6 26. b3 g5 27.
c3 dxc3 28. Rxc3 Rd2 29. Re1 Bxg2+ 0-1

[Event "I Open Muovi il Cavallo"]
[Site "Trieste ITA"]
[Date "2010.05.??"]
[Round "2"]
[White "Varini, Massimo"]
[Black "Pecchiari, Alberto"]
[Result "1-0"]
[WhiteElo "2073"]
[BlackElo "1607"]
[PlyCount "76"]
[EventDate "2010.05.10"]

1. c4 e6 2. d4 d5 3. Nc3 Nf6 4. Bg5 Be7 5. cxd5 exd5 6. Qc2 O-O 7. e3 c6 8. Bd3
Nbd7 9. Nge2 Re8 10. O-O Nf8 11. f3 Be6 12. Bh4 Rc8 13. Rad1 Ng6 14. Bf2 Qc7
15. Qb1 a5 16. g4 Nf8 17. Ng3 g6 18. Nge2 Kg7 19. h3 Bd6 20. e4 dxe4 21. fxe4
Be7 22. Bh4 Nxg4 23. Bg3 Qd8 24. hxg4 Bxg4 25. Bc4 Ne6 26. d5 cxd5 27. Bxd5
Rxc3 28. Nxc3 Qb6+ 29. Bf2 Bc5 30. Bxc5 Qxc5+ 31. Kg2 Qe3 32. Rd3 Nf4+ 33. Rxf4
Qxf4 34. Qf1 Qc7 35. Qf2 Qd7 36. Rd2 Bh3+ 37. Kh2 Bg4 38. Bb3 Re5 1-0

[Event "I Open Muovi il Cavallo"]
[Site "Trieste ITA"]
[Date "2010.05.??"]
[Round "3"]
[White "Bortolin, Bruno"]
[Black "Varini, Massimo"]
[Result "0-1"]
[WhiteElo "1915"]
[BlackElo "2073"]
[PlyCount "46"]
[EventDate "2010.05.10"]

1. d4 Nf6 2. c4 e6 3. Nf3 Be7 4. Nc3 d5 5. e3 O-O 6. Bd3 a6 7. cxd5 exd5 8. Ne5
Nbd7 9. Nxd7 Bxd7 10. O-O Bd6 11. Be2 Bf5 12. Bf3 c6 13. g3 Re8 14. Bd2 Qd7 15.
Na4 Rab8 16. Nc5 Qc8 17. Bb4 Bxc5 18. dxc5 Be4 19. Rc1 Qh3 20. Qe2 Ng4 21. Rfd1
Nxh2 22. Bxe4 dxe4 23. f4 Nf3+ 0-1

[Event "I Open Muovi il Cavallo"]
[Site "Trieste ITA"]
[Date "2010.05.??"]
[Round "3"]
[White "Poli, Diego"]
[Black "Masella, Vincenzo"]
[Result "0-1"]
[WhiteElo "1724"]
[BlackElo "1826"]
[PlyCount "67"]
[EventDate "2010.05.10"]

1. d4 d6 2. c4 g6 3. e4 Bg7 4. h3 c6 5. Nf3 Nf6 6. Nc3 Nbd7 7. Be2 O-O 8. O-O
Re8 9. Qc2 Qc7 10. Be3 b6 11. Rfe1 a6 12. Rac1 Bb7 13. Qd2 Rad8 14. Bh6 c5 15.
d5 Bc8 16. Nh2 Bh8 17. f4 Bg7 18. Bxg7 Kxg7 19. Bf3 Qb8 20. a4 Ng8 21. g4 f6
22. h4 h6 23. Nf1 b5 24. axb5 axb5 25. b3 Nf8 26. Ng3 Bd7 27. f5 g5 28. hxg5
hxg5 29. Qg2 Nh6 30. Qh2 Rc8 31. Bg2 Red8 32. Nf1 Qb7 33. Kf2 Nf7 34. Ke2 0-1

[Event "I Open Muovi il Cavallo"]
[Site "Trieste ITA"]
[Date "2010.05.17"]
[Round "3"]
[White "Rozmann, Glauco"]
[Black "Roiatti, Noris"]
[Result "0-1"]
[WhiteElo "1772"]
[BlackElo "1581"]
[PlyCount "102"]
[EventDate "2010.05.10"]

1. d4 d5 2. c4 c6 3. Qc2 g6 4. Nf3 Bg7 5. cxd5 cxd5 6. Nc3 Nf6 7. e3 O-O 8. Bd3
Nc6 9. a3 Bg4 10. Bd2 Rc8 11. Qb3 b6 12. h3 Bxf3 13. gxf3 e5 14. dxe5 Nxe5 15.
Be2 d4 16. Nb5 d3 17. Bd1 Nc6 18. Rc1 a6 19. Nd4 Nxd4 20. exd4 Rxc1 21. Bxc1
Qxd4 22. Be3 Re8 23. O-O Qd7 24. Kg2 Nd5 25. Qc4 b5 26. Qc5 Bf8 27. Qd4 Nxe3+
28. fxe3 Qxd4 29. exd4 Bg7 30. f4 Bxd4 31. b3 d2 32. Rh1 a5 33. a4 bxa4 34.
bxa4 Bc3 35. Kf2 Kg7 36. Be2 Re4 37. Bd1 Rxf4+ 38. Ke3 Rd4 39. Rf1 f5 40. Rf4
Rd6 41. Rc4 Bb4 42. Rc7+ Kh6 43. Rc4 g5 44. Kf3 Kg6 45. h4 h6 46. hxg5 hxg5 47.
Rc8 g4+ 48. Ke2 Re6+ 49. Kd3 Kg5 50. Rg8+ Kf4 51. Be2 Re3+ 0-1

[Event "I Open Muovi il Cavallo"]
[Site "Trieste ITA"]
[Date "2010.05.??"]
[Round "3"]
[White "Urbisaglia, Elvio"]
[Black "Del Cont Bernard, Emanuela"]
[Result "1-0"]
[WhiteElo "1463"]
[BlackElo "1302"]
[PlyCount "55"]
[EventDate "2010.05.10"]

1. e4 e5 2. Nf3 Nc6 3. Bb5 d6 4. Bxc6+ bxc6 5. h3 Bb7 6. d3 Be7 7. Bd2 Nf6 8.
Nc3 O-O 9. Qe2 h6 10. O-O Rb8 11. b3 Nh7 12. Be3 Ra8 13. Qd2 Bc8 14. Qc1 f5 15.
exf5 Bxf5 16. Rd1 Bxh3 17. Nxe5 Bxg2 18. Kxg2 dxe5 19. Rh1 Bg5 20. Rh3 Bxe3 21.
Qxe3 Ng5 22. Rg3 Qf6 23. Re1 a6 24. Re2 Rae8 25. Ne4 Nxe4 26. Qxe4 Qd6 27. c4
c5 28. Rge3 1-0

[Event "I Open Muovi il Cavallo"]
[Site "Trieste ITA"]
[Date "2010.05.??"]
[Round "4"]
[White "Bortolin, Bruno"]
[Black "Pecchiari, Alberto"]
[Result "1-0"]
[WhiteElo "1915"]
[BlackElo "1607"]
[PlyCount "59"]
[EventDate "2010.05.10"]

1. e4 e5 2. Nc3 Nc6 3. g3 Bc5 4. Bg2 a6 5. Nge2 Nf6 6. d3 d6 7. O-O Be6 8. h3
h6 9. Nd5 Bxd5 10. exd5 Ne7 11. c4 O-O 12. d4 exd4 13. Nxd4 Bxd4 14. Qxd4 b6
15. b3 Qd7 16. Bb2 Ng6 17. Qd2 Qd8 18. Rfe1 Nd7 19. Re3 Re8 20. Be4 Qg5 21.
Bxg6 Rxe3 22. Bxf7+ Kxf7 23. Qxe3 Qxe3 24. fxe3 Kg6 25. Kf2 Ne5 26. Bxe5 dxe5
27. Ke2 e4 28. Rf1 Re8 29. Kd2 Re7 30. Kc3 1-0

[Event "I Open Muovi il Cavallo"]
[Site "Trieste ITA"]
[Date "2010.05.??"]
[Round "4"]
[White "Roiatti, Noris"]
[Black "Poli, Diego"]
[Result "1-0"]
[WhiteElo "1581"]
[BlackElo "1724"]
[PlyCount "55"]
[EventDate "2010.05.10"]

1. e4 c5 2. Nc3 e6 3. Nf3 a6 4. d4 cxd4 5. Nxd4 Nc6 6. Be3 Qc7 7. a3 Nge7 8.
Ndb5 axb5 9. Nxb5 Qa5+ 10. b4 Qxb5 11. Bxb5 Ng6 12. f4 Rxa3 13. Rxa3 Bxb4+ 14.
c3 Bxa3 15. Qa1 Be7 16. f5 exf5 17. exf5 Nh4 18. O-O d6 19. g4 O-O 20. Bxc6
bxc6 21. Qe1 f6 22. Qxh4 g5 23. fxg6 hxg6 24. Bd4 Kg7 25. g5 Bf5 26. Re1 Bd8
27. Qh6+ Kg8 28. gxf6 1-0

[Event "I Open Muovi il Cavallo"]
[Site "Trieste ITA"]
[Date "2010.05.??"]
[Round "4"]
[White "Varini, Massimo"]
[Black "Masella, Vincenzo"]
[Result "1-0"]
[WhiteElo "2073"]
[BlackElo "1826"]
[PlyCount "59"]
[EventDate "2010.05.10"]

1. d4 Nf6 2. c4 d6 3. Nc3 g6 4. e4 Bg7 5. Nf3 c6 6. Be2 Nbd7 7. O-O O-O 8. Re1
Qc7 9. Bf1 e5 10. d5 c5 11. a3 a6 12. b4 b6 13. Bg5 h6 14. Bd2 Kh7 15. Rb1 Re8
16. Na4 g5 17. Re3 Nf8 18. bxc5 bxc5 19. Nb6 Ra7 20. Ba5 Bg4 21. Be2 Rb7 22.
Nxg5+ hxg5 23. Bxg4 Reb8 24. Bf5+ Kg8 25. Reb3 Qe7 26. Nc8 Qe8 27. Rxb7 Rxc8
28. Bxc8 Qxc8 29. Rc7 Qe8 30. Rbb7 1-0

[Event "I Open Muovi il Cavallo"]
[Site "Trieste ITA"]
[Date "2010.05.24"]
[Round "5"]
[White "Del Cont Bernard, Emanuela"]
[Black "Rozmann, Glauco"]
[Result "0-1"]
[WhiteElo "1302"]
[BlackElo "1772"]
[PlyCount "78"]
[EventDate "2010.05.10"]

1. d4 e6 2. c4 Nf6 3. Nc3 b6 4. e3 Bb7 5. Nf3 c5 6. Be2 a6 7. a4 Qc7 8. h3 Be7
9. O-O O-O 10. Qc2 Nc6 11. Rd1 Nb4 12. Qb1 Bc6 13. Ne5 Bb7 14. Na2 Be4 15. Nd3
Qb7 16. Naxb4 cxb4 17. b3 Bxg2 18. Bf1 Be4 19. Qb2 Bg6 20. Re1 Qe4 21. Ne5 Qf5
22. Nxg6 Qxg6+ 23. Bg2 Qg5 24. Qe2 Rac8 25. Bd2 Qg6 26. Kh1 a5 27. e4 d5 28. e5
Nd7 29. Rec1 dxc4 30. Rxc4 Bg5 31. Rac1 Rxc4 32. Rxc4 Bxd2 33. Qxd2 Qb1+ 34.
Rc1 Qxb3 35. Rg1 Qxa4 36. h4 Rc8 37. Be4 g6 38. h5 Qa3 39. hxg6 Qh3# 0-1

[Event "I Open Muovi il Cavallo"]
[Site "Trieste ITA"]
[Date "2010.05.??"]
[Round "5"]
[White "Masella, Vincenzo"]
[Black "Bortolin, Bruno"]
[Result "1-0"]
[WhiteElo "1826"]
[BlackElo "1915"]
[PlyCount "125"]
[EventDate "2010.05.10"]

1. c4 e5 2. Nc3 Nf6 3. d3 Bb4 4. g3 O-O 5. Bg2 Re8 6. e4 Nc6 7. Nge2 h6 8. O-O
a6 9. a3 Bc5 10. b4 Ba7 11. Bd2 d6 12. h3 Nd4 13. Nxd4 Bxd4 14. Rb1 c6 15. Kh2
b5 16. Ne2 Bb6 17. Qc2 d5 18. c5 Bc7 19. f3 Qe7 20. g4 Nh7 21. Ng3 Be6 22. Be3
d4 23. Bd2 g5 24. a4 Nf8 25. a5 Ng6 26. Rf2 f6 27. Rh1 Kg7 28. Kg1 Rh8 29. Bc1
Rh7 30. Bf1 Rah8 31. Nh5+ Kf8 32. Qe2 Kg8 33. Rfh2 Bf7 34. Ng3 Nh4 35. Kf2 Bg6
36. Qb2 Bd8 37. Be2 Bf7 38. Bd1 Qe6 39. Bd2 Be7 40. Be1 Bf8 41. Bd2 Be7 42. Be2
Bf8 43. Be1 Be7 44. Bd1 Bf8 45. Nf5 Nxf5 46. gxf5 Qa2 47. Qxa2 Bxa2 48. h4 gxh4
49. Rxh4 h5 50. Bd2 Bh6 51. Bxh6 Rxh6 52. Rg1+ Kf8 53. f4 exf4 54. Kf3 Rg8 55.
Rxg8+ Kxg8 56. Kxf4 Bb1 57. Be2 Kf7 58. e5 fxe5+ 59. Kxe5 Ke7 60. Kxd4 Kf6 61.
Rxh5 Rxh5 62. Bxh5 Kxf5 63. Bf3 1-0

[Event "I Open Muovi il Cavallo"]
[Site "Trieste ITA"]
[Date "2010.05.27"]
[Round "6"]
[White "Pecchiari, Alberto"]
[Black "Del Cont Bernard, Emanuela"]
[Result "1-0"]
[WhiteElo "1607"]
[BlackElo "1302"]
[PlyCount "59"]
[EventDate "2010.05.10"]

1. e4 e5 2. Nf3 Nc6 3. Bb5 a6 4. Bxc6 dxc6 5. O-O Bc5 6. Nxe5 Nf6 7. d3 O-O 8.
Bf4 Bd6 9. Qd2 c5 10. Nf3 Bxf4 11. Qxf4 b6 12. Nbd2 Be6 13. Qe3 Qd7 14. Ne5 Qe8
15. f4 Bc8 16. Nef3 Nd7 17. Rae1 f6 18. e5 fxe5 19. Nxe5 Nxe5 20. Qxe5 Qxe5 21.
Rxe5 Bb7 22. g3 Bc6 23. Rfe1 Rfe8 24. Kf2 Rxe5 25. Rxe5 Re8 26. Nc4 Rxe5 27.
Nxe5 Bd5 28. a3 Be6 29. c3 Kf8 30. Ke3 1-0

[Event "I Open Muovi il Cavallo"]
[Site "Trieste ITA"]
[Date "2010.05.??"]
[Round "6"]
[White "Rozmann, Glauco"]
[Black "Bortolin, Bruno"]
[Result "0-1"]
[WhiteElo "1772"]
[BlackElo "1915"]
[PlyCount "74"]
[EventDate "2010.05.10"]

1. d4 f5 2. Nc3 Nf6 3. Bf4 e6 4. e3 Be7 5. Bd3 d5 6. a3 a5 7. Nf3 O-O 8. Nd2 b6
9. Be2 c5 10. Nf3 Nc6 11. dxc5 bxc5 12. Nb5 Ne4 13. h3 Bf6 14. c3 e5 15. Bh2
Be6 16. Qc2 Qe7 17. Rc1 Rfc8 18. a4 g5 19. c4 d4 20. Bd3 Nb4 21. Qb1 Nxd3+ 22.
Qxd3 Bf7 23. g4 Bg6 24. Rc2 Rd8 25. Re2 fxg4 26. hxg4 Nxf2 27. Qxg6+ hxg6 28.
Kxf2 e4 29. Ne1 d3 30. Rd2 Rf8 31. Kg2 Be5 32. Bg3 Bxg3 33. Kxg3 Qe5+ 34. Kh3
Rf7 35. Rdh2 Raf8 36. Nc3 Rf3+ 37. Nxf3 Rxf3+ 0-1

[Event "I Open Muovi il Cavallo"]
[Site "Trieste ITA"]
[Date "2010.05.??"]
[Round "6"]
[White "Urbisaglia, Elvio"]
[Black "Poli, Diego"]
[Result "0-1"]
[WhiteElo "1463"]
[BlackElo "1724"]
[PlyCount "126"]
[EventDate "2010.05.10"]

1. e4 c5 2. Nf3 e6 3. d3 Nc6 4. Be3 d6 5. Be2 g6 6. O-O Bg7 7. c3 Nf6 8. Bg5 h6
9. Bh4 g5 10. Bg3 e5 11. Na3 Nh5 12. Nc4 Nxg3 13. fxg3 Be6 14. Ne3 Ne7 15. Ne1
Qb6 16. Qd2 O-O-O 17. Kh1 d5 18. Qc2 Rd7 19. Bg4 dxe4 20. Bxe6 Qxe6 21. dxe4
Rhd8 22. Rf2 Bf8 23. b3 g4 24. Rd1 Rxd1 25. Nxd1 h5 26. Rd2 Rxd2 27. Qxd2 Bh6
28. Qd3 f5 29. exf5 Qxf5 30. Qxf5+ Nxf5 31. Nd3 e4 32. Nf4 Bxf4 33. Nf2 e3 34.
Nd3 Bd6 35. Kg1 c4 36. Ne1 Be5 37. Nc2 cxb3 38. axb3 b5 39. Kf1 a5 40. Ke1 a4
41. bxa4 bxa4 42. Kd1 Kb7 43. Ke2 Kb6 44. Kd3 a3 45. Na1 Ka5 46. Nb3+ Kb5 47.
Nc1 Bg7 48. Na2 Ka4 49. Nc1 Bh8 50. h3 Be5 51. hxg4 hxg4 52. Ke4 Bxg3 53. Kxf5
Be1 54. c4 Bd2 55. c5 Kb5 56. Nd3 a2 57. Ke5 a1=Q+ 58. Kf5 Qd4 59. Nf4 e2 60.
Nxe2 Qf2+ 61. Kxg4 Qxe2+ 62. Kh3 Bf4 63. c6 Qh5# 0-1

[Event "XXVIII Festival Isola d'Elba A"]
[Site "Capoliveri ITA"]
[Date "2010.05.??"]
[Round "8"]
[White "Evangelisti, Claudio R."]
[Black "Bellia, Fabrizio"]
[Result "0-1"]
[WhiteElo "2252"]
[BlackElo "2373"]
[PlyCount "102"]
[EventDate "2010.05.09"]

1. Nf3 Nf6 2. d4 c5 3. e3 g6 4. Be2 Bg7 5. O-O O-O 6. Nbd2 d5 7. Ne5 Qc7 8. c3
b6 9. a4 Ba6 10. a5 Bxe2 11. Qxe2 Nbd7 12. Nxd7 Qxd7 13. axb6 axb6 14. Rxa8
Rxa8 15. dxc5 bxc5 16. e4 e6 17. exd5 exd5 18. Rd1 Re8 19. Qf1 Qf5 20. Nb3 Bf8
21. Be3 c4 22. Nd4 Qh5 23. h3 Rb8 24. Nf3 Qf5 25. Qe2 Ne4 26. g4 Qe6 27. Bf4
Rb7 28. Ra1 Nc5 29. Qe3 Rxb2 30. Ra8 Qxe3 31. Bxe3 Nd7 32. Rd8 Rb7 33. g5 h6
34. gxh6 f6 35. h4 Kh7 36. Ng5+ fxg5 37. hxg5 Be7 38. Re8 Nf8 39. Bd4 Kg8 40.
Bg7 Kf7 41. Rc8 Rd7 42. f4 Rd8 43. Rc6 Ne6 44. Be5 d4 45. Kf1 d3 46. Ke1 Nc5
47. f5 Ne4 48. fxg6+ Ke8 49. Bd4 Ra8 50. Rc8+ Rxc8 51. h7 Kd7 0-1

[Event "I C.to della Martesana"]
[Site "Cologno Monzese ITA"]
[Date "2010.05.21"]
[Round "1"]
[White "Borin, Fabio"]
[Black "Beltrami, Francesco"]
[Result "1-0"]
[WhiteElo "2106"]
[BlackElo "1682"]
[PlyCount "51"]
[EventDate "2010.05.21"]

1. d4 Nf6 2. c4 e6 3. Nc3 Bb4 4. e3 c5 5. Bd3 O-O 6. Nge2 cxd4 7. exd4 d5 8.
cxd5 Nxd5 9. a3 Ba5 10. Bc2 Nc6 11. Qd3 f5 12. O-O Nf6 13. Re1 Bb6 14. Rd1 e5
15. Qc4+ Kh8 16. dxe5 Bxf2+ 17. Kxf2 Ng4+ 18. Kg1 Qb6+ 19. Nd4 Ngxe5 20. Qb5
Qc7 21. Bf4 Nf3+ 22. Nxf3 Qxf4 23. Nd5 Qg4 24. Nc7 Rb8 25. Qc5 Qf4 26. Qxf8#
1-0

[Event "I C.to della Martesana"]
[Site "Cologno Monzese ITA"]
[Date "2010.05.21"]
[Round "1"]
[White "Delle Fave, Fabio"]
[Black "Profumo, Alberto"]
[Result "0-1"]
[WhiteElo "1776"]
[BlackElo "2232"]
[PlyCount "98"]
[EventDate "2010.05.21"]

1. e4 c6 2. d4 d5 3. Nc3 dxe4 4. Nxe4 Bf5 5. Ng3 Bg6 6. Nf3 Nd7 7. Bd3 Bxd3 8.
Qxd3 Ngf6 9. Be3 e6 10. Ne4 Be7 11. O-O Nxe4 12. Qxe4 Nf6 13. Qd3 O-O 14. Rad1
Qa5 15. a3 Rfd8 16. b4 Qa4 17. Qc4 a5 18. Bd2 Ne4 19. Be1 Nd6 20. Qb3 Qxb3 21.
cxb3 a4 22. Rd3 Nb5 23. Bd2 axb3 24. Ra1 b2 25. Rb1 Nxa3 26. Rxb2 Nb5 27. g3
Bf6 28. Be3 g6 29. Rbd2 Rd5 30. Kf1 Kg7 31. h4 h5 32. Bg5 Ra1+ 33. Ke2 Bxg5 34.
Nxg5 Rc1 35. Rf3 Rd7 36. Kd3 Rc3+ 37. Ke4 Rc4 38. Ke5 Rxb4 39. Rdd3 Rd5+ 40.
Ke4 Rbxd4+ 41. Rxd4 Rxd4+ 42. Ke5 Rd5+ 43. Ke4 Nd6+ 44. Ke3 b5 45. Rf4 c5 46.
Nf3 e5 47. Re4 Nxe4 48. Kxe4 Rd1 49. Kxe5 b4 0-1

[Event "I C.to della Martesana"]
[Site "Cologno Monzese ITA"]
[Date "2010.05.21"]
[Round "1"]
[White "Faccio, Fabio"]
[Black "Mandelli, Fabio"]
[Result "0-1"]
[WhiteElo "1926"]
[BlackElo "1579"]
[PlyCount "66"]
[EventDate "2010.05.21"]

1. e4 c6 2. d4 d5 3. exd5 cxd5 4. c4 e6 5. c5 Nf6 6. Nc3 Be7 7. Nf3 Nc6 8. Bf4
Nh5 9. Bg3 Nxg3 10. hxg3 Bd7 11. Bd3 h6 12. a3 b6 13. b4 bxc5 14. bxc5 Qa5 15.
Qd2 Rb8 16. Bc2 Rb2 17. O-O Bf6 18. Rfc1 g5 19. Qe3 Kf8 20. Ba4 Kg7 21. Bxc6
Bxc6 22. Ne5 Qc7 23. f4 gxf4 24. gxf4 Rg8 25. Qh3 Kh7 26. g4 Bxe5 27. fxe5 f5
28. exf6 Rxg4+ 29. Kh1 Rg3 30. Qf1 Rg6 31. Nd1 Qf7 32. Nf2 Rxf6 33. Qd3+ Kh8
0-1

[Event "I C.to della Martesana"]
[Site "Cologno Monzese ITA"]
[Date "2010.05.21"]
[Round "1"]
[White "Montagner, Enzo"]
[Black "Moreschi, Mauro"]
[Result "0-1"]
[WhiteElo "1495"]
[BlackElo "1917"]
[PlyCount "72"]
[EventDate "2010.05.21"]

1. d4 b5 2. c4 bxc4 3. e3 d5 4. Nc3 Nf6 5. b3 Ba6 6. bxc4 dxc4 7. Nf3 e6 8. Ne5
Bd6 9. Nxc4 O-O 10. Bd3 Bxc4 11. Bxc4 Nbd7 12. O-O Nb6 13. Bd3 c5 14. dxc5 Bxc5
15. Qc2 Qe7 16. Ne4 Nbd7 17. Bb2 e5 18. Nxc5 Nxc5 19. Ba3 Rfc8 20. Rac1 Nfd7
21. Bf5 Qe8 22. Qd2 Ne6 23. Be4 Rxc1 24. Rxc1 Rc8 25. Bc6 Nef8 26. Bxf8 Kxf8
27. Rc2 Qe6 28. Bd5 Rxc2 29. Qb4+ Qe7 30. Qxe7+ Kxe7 31. g3 Nb6 32. Bb3 Rb2 33.
Kg2 a5 34. e4 a4 35. Bd5 Nxd5 36. exd5 Kd6 0-1

[Event "I C.to della Martesana"]
[Site "Cologno Monzese ITA"]
[Date "2010.05.25"]
[Round "2"]
[White "Beltrami, Francesco"]
[Black "Montagner, Enzo"]
[Result "1-0"]
[WhiteElo "1682"]
[BlackElo "1495"]
[PlyCount "91"]
[EventDate "2010.05.21"]

1. Nf3 Nc6 2. d4 d5 3. c4 e6 4. Nc3 Nf6 5. Bg5 Be7 6. e3 h6 7. Bxf6 Bxf6 8.
cxd5 exd5 9. Qb3 Ne7 10. Be2 O-O 11. O-O c6 12. Rad1 b5 13. a3 a6 14. e4 dxe4
15. Nxe4 Nd5 16. Nxf6+ Qxf6 17. Ne5 Qd6 18. Qc2 Bb7 19. Bf3 Rac8 20. Bg4 Rc7
21. Qc5 Qxc5 22. dxc5 Bc8 23. Bxc8 Rfxc8 24. b4 Re8 25. Nxc6 Nc3 26. Rd8 Rxd8
27. Nxd8 Rd7 28. Nc6 Ne4 29. f3 Nd2 30. Re1 Nc4 31. Nb8 Ra7 32. c6 a5 33. bxa5
Nxa5 34. Rb1 Rc7 35. Rxb5 Nxc6 36. Rc5 Rc8 37. Nxc6 Kf8 38. a4 Ke8 39. a5 Ra8
40. Nb4 Kd7 41. Rb5 Kc7 42. a6 Kd6 43. Kf2 f6 44. Ke3 g6 45. Kd4 f5 46. Rb6+
1-0